Disney's "Club Penguin” - Statistics

General Stats
  • This quiz has been taken 8 times
  • The average score is 15 of 21
Answer Stats
Hint Answer % Correct
DJ DJ Cadence
100%
The gadget guy Gary
100%
Polar bear villain Herbert P. Bear
100%
Sidekick of the above Klutzy
100%
Master of Card-Jitsu Sensei
100%
Rockhopper’s ship The Migrator
100%
Stowaway Bambadee
83%
DJ DJ Maxx
83%
What EPF stands for Elite Penguin Force / Everyday Phoning Facility
83%
Replaced by a Bucket of Ice for April Fools 2008 The Iceberg
83%
First party Beta Test Party
67%
Replaced the stage Puffle Berry Mall
67%
Cancelled Card-Jitsu mode Shadow
67%
Bellhop of the Puffle Hotel Skip
67%
Composer of the EPF DS game’s soundtrack Bart Roijmans
50%
1st PSA missipn Case of the Missing Puffles
50%
Sea monster Glabook
50%
Aunt Arctic’s newspaper before issue #100 The Penguin Times
50%
Snowboarder Blazer X
33%
Most expensive igloo Secret Deluxe Stone Igloo
33%
Lighthouse bouncer Stompin' Bob
33%
No matching quizzes found
Score Distribution
Percent of People with Each Score
Percentile by Number Answered
Your Score History
You have not taken this quiz